Score 0/20 Timer 07:00
1 Play Today
% Correct
George W. Bush
98.6%
Ellen DeGeneres
90.4%
Kim Kardashian
89%
Sean Connery
88.1%
Sarah Palin
87.2%
Alex Trebek
86.2%
George H.W. Bush
85%
Steve Harvey
81.3%
Frank Sinatra
78.5%
Gerald Ford
73.1%
% Correct
Julia Child
67.7%
David Letterman
66.9%
Madonna
65.9%
Liza Minnelli
61.5%
Barbara Walters
59.3%
Kris Jenner
58.1%
Ross Perot
56.6%
Donatella Versace
48.7%
Johnny Carson
48.2%
James Carville
35.3%
Remove Ads.
Support Sporcle.
Get the best of Sporcle when you Go Orange. This ad-free experience offers more features, more stats, and more fun while also helping to support Sporcle. Thank you for becoming a member.

You're not logged in!

Compare scores with friends on all Sporcle quizzes.
OR
Log In

Sporcle TV

Today on Sporcle TV


Watch our educational content, quiz creation guides, and fun videos on Sporcle TV.

Show Comments

Extras

Top Quizzes Today


Score Distribution

Paid Content

Your Account Isn't Verified!

In order to create a playlist on Sporcle, you need to verify the email address you used during registration. Go to your Sporcle Settings to finish the process.

Report this User

Report this user for behavior that violates our Community Guidelines.

Details: